00815nam a2200229 a 4500001001000000003000500010005001700015008004100032010001100073011001100084040000900095100002500104245007400129260004100203500006000244502006900304650004200373650003700415650002200452650004100474856007000515000113176CHAP20220329144342.0170509s2016 mx a fsm |||||||spa d a109637 a110609 cCHAP1 aCruz Tirzo, Agustina10aPinetum Maximino Martínez /h[En línea]cpor Agustina Cruz Tirzo. aChapingo, Méx. :bEl autor,c2016. aPara ver el contenido del material haga clic en la liga aTesis (Ing. Forestal) -- UACH. División de Ciencias Forestales14aMétodos de mejoramiento genético.14aPinoxAnatomía y fisiología.14aPinoxVariedades.14aPlantación forestalxMejoramiento. aFinding aiduhttp://10.13.5.2/tesis/sist113176.pdfzTeclea aquí